Möbelhäuser in Deutschland mit mehr als 5 Filialen - Statistics

General Stats
  • This quiz has been taken 191 times
    186 since last reset
  • The average score is 4 of 19
Answer Stats
Filialen (ca.) Antwort % Correct
54 IKEA
96%
50 XXXLutz
53%
125 Poco
47%
950 Jysk
43%
123 Roller
37%
25 Höffner
36%
46 Mömax
31%
26 Porta
17%
95 SB-Möbel Boss
15%
8 Segmüller
11%
7 Möbel Kraft
8%
8 Möbel Martin
7%
30 Multipolster
4%
20 Sconto
4%
6 Zurbrüggen
3%
10 Braun Möbel-Center
2%
17 Seats & Sofas
2%
6 Flamme Möbel
1%
23 Opti-Wohnwelt
0%
No matching quizzes found
Score Distribution
Percent of People with Each Score
Percentile by Number Answered
Your Score History
You have not taken this quiz since the last reset